01674nam a2200205 u 45000010006000000050017000060080041000230350010000640350021000740410008000950820008001031000030001112450107001412500017002482600043002653000019003085051095003276500026014226500020014482369020260428111337.0960313s1966 spa  a23690 a(OCoLC)778063321 aspa 4a30110aJohannot, Henri4auteaut13aEl individuo y el grupo : las relaciones interhumanas, el papel de los líderes, el trabajo en equipo a3. edición aBarcelona :bEditorial Aguilar,c1966. a143 páginas. aCONTENIDO : PARTE I: La asociación, el grupo y el equipo. -- CAPÍTULO I: Diversas clases de asociación. -- CAPÍTULO II: El individuo y la vida del grupo. -- CAPÍTULO III: Métodos de discusión. -- CAPÍTULO IV: Relaciones exteriores del grupo. -- PARTE II: El entrenador, el animador y el líder. -- CAPÍTULO V: El líder y el grupo. -- CAPÍTULO VI: La personalidad del líder. -- CAPÍTULO VII: El líder, en acción. -- CAPÍTULO VIII: La formación del líder. -- PARTE III: El trabajo en colaboración. -- CAPÍTULO IX: Condiciones necesarias para la colaboración. -- CAPÍTULO X: Administración dinámica y participación activa. -- CAPÍTULO XI: Colaboración entre grupos. -- PARTE IV: El punto de vista cristiano. -- CAPÍTULO XII: Jesús, el individuo y el grupo. -- CAPÍTULO XIII: Ideal y realidad. -- ANEXO I: Un método de discusión, entre otros. -- (Complementos al capítulo II). -- ANEXO II: Cuestionarios que permiten mejorar los métodos de trabajo individual y colectivo. -- ANEXO III: Amigos demasiado de acuerdo. -- Notas. 7aGrupos sociales2lemb 7aLiderazgo2lemb